000 00354nam a22001217a 4500
082 _a220 PRO
100 _aNOOR US SABAH, SALEHA
_972285
245 _aPR-SOF-1011-HLA COMPLIANT NETWORK ENABELED SIMULATOR
260 _aISLAMABAD
_bNUST COLLEGE OF EME
_c2010
650 _aDE-COMP-28
_972286
700 _aSUPERVISOR ,DR SHOAB A KHAN
_969958
942 _cCR
999 _c578384
_d578384